000 00547nam a22001937a 4500
005 20251108170905.0
008 250721s1998 xx 000 0 ara d
082 1 4 _a742/سعد
100 1 _aسعد، مجدي توفيق
245 1 0 _aالظل و الظلال /
246 1 1 _aSciagraphy
264 1 _aعمان :
_bدار المناهج للنشر و التوزيع،
_c1998.
300 _a87ص
650 1 7 _aالظل
650 1 7 _aالرسم المنظوري
650 1 7 _aالرسم الهندسي
942 _2ddc
_cBK
999 _c51425
_d51425